MDQL
is popping MORE tags! Check the
thread
!
Quizzes
Events
Quiz Creation
Community
Videos
Private Events
Remove Ads
Sign In
Join for FREE
Feedback
Dark Mode
Quiz Categories
Sports
Geography
Music
Movies
Television
Just For Fun
Miscellaneous
History
Literature
Language
Science
Gaming
Entertainment
Religion
Holiday
For Kids
Quiz Lab
Recent
Popular Today
Quiz Kudos Today
Editor Picks
Curator Picks
Quizzes by...
Day
Popularity
Type
Ratings
Length
Year
Community
Subscriptions
Recent Discussions
Orange Saloon
Badges
Playlists
Quests
Create
Leaderboards
Showdown
Live 5
Trivia Bingo
Activity
Puzzle Library
Sporcle Events
Private Events
Virtual Trivia
Globe League
Become a Host
Pub Owners
SporcleCon
Opinionation
Our Games
Videos
Blog
Mobile Apps
Partnerships
Remove Ads and Go Orange
Feedback
Music
Pop Music
The Beatles
Song
Album
Lyrics
Bands
Singers
Artist
Clip
Rock
Rap
Classical
Billboard
Country Music
Kpop
Taylor Swift
Music
Pop Music
The Beatles
Song
Album
Lyrics
Bands
Singers
Artist
Clip
Rock
Rap
Classical
Billboard
Country Music
Kpop
Taylor Swift
Random Quiz
Search Sporcle
×
Quiz Lab
Quiz Lab
Music
William
Type in answers that appear in a list
Type in answers that appear in a list
Classic
Best Score? Go Orange.
Your Favorite Martian Songs Stats
Can you name the songs by the Youtube music group, Your Favorite Martian?
By
asdfjkl
5m
42 Questions
384 Plays
384 Plays
384 Plays
Comments
Comments
Give Quiz Kudos
Give Quiz Kudos
-
- Ratings
hide this ad
More Info
Replay
Link that replays current quiz
Next Quiz
Link to next quiz in quiz playlist
You Got
0%
They Got
Avg Score
52%
Avg Friend Score
Upgrade to see
Score Distribution
Jump to the score distribution portion of the page
Score
0/42
Timer
05:00
0
Plays Today
% Correct
MY BALLS (alt rock cover)
89.4%
My Balls
87.7%
ORPHAN TEARS
81.9%
Tig Ol' Bitties
72%
BOOM HEADSHOT (YFM Mashup)
71.9%
Zombie Love Song
70.9%
NERD RAGE!!!
70.6%
ALIEN
70.6%
ALIEN (Unplgged)
70.6%
ROAD RAGE
67.5%
The Stereotypes Song
67.3%
WHIP YO KIDS
63.1%
Grandma Got a Facebook
62.3%
Mr. D*******G
60.2%
STALKIN' YOUR MOM
59.7%
JUPITER
59.4%
FRIEND ZONE
58.8%
Bottles of Beer
57.3%
Club Villain
57.3%
ROBOT BAR FIGHT
56.3%
8-BIT WORLD
56.3%
% Correct
COMPLICATED
55.9%
S****Y G
55.6%
TAKE OVER THE WORLD
54.7%
SANTA HATES POOR KIDS
53.8%
FIGHT TO WIN
52.9%
EPILEPTIC TECHNO
52.5%
BOOTY STORE
52.2%
WHITE BOY WASTED
51.3%
DOOKIE FRESH
49.4%
The Unofficial Smithers Love Song
49.2%
JUST A FRIEND - (Biz Markie cover)
47.8%
HIGH VOLTAGE (Linkin Park Cover)
47.8%
TEXT ME BACK
46.3%
PUPPET BREAK-UP
45.5%
Transphopic Techno (B**ch Got a P***s)
44.5%
JUMP AROUND (House Of Pain cover)
43.4%
SHE LOOKS LIKE SEX [REMIX]
43.1%
BARTENDER SONG (Rehab cover)
42.8%
WE LIKE THEM GIRLS
42.2%
LOVE THE WAY YOU LIE (rock cover of Eminem\Rihanna)
41.9%
FIGHT FOR YOUR RIGHT (dance cover of Beastie Boys)
40.9%
Quiz Playlist
Details
Report
Send in Message
Add To Playlist
More Info:
Try to name of the songs by Your Favorite Martian. THANKS FOR PLAYING. asdfjkl
Classic:
Type in answers that appear in a list
Quiz Source
Last Updated: Feb 16, 2017
Quiz Scoreboard
CHALLENGE
Sign Up to Join the Scoreboard
Show All
Scores
Hide
Comments
May contain spoilers
Recently Published
Find the 'City' Movie
by crazypaving
Movies
60s
5x2 Blitz: Bands
by SL_Kpop136
Music
30s
Colored Red Africa Blitz
by spor1
Geography
30s
More to Explore
Quiz From the Vault
Featured Blog Post
14 Easter Pick-up Lines to Find Eggs With
hide this ad
You Might Also Like...
Tags
djs
johnson
Ray
rob
William
Today's Top Quizzes in Music
Browse Music
hide this ad
Top Contributed Quizzes in Music
1
5X2 Blitz: Bands II
2
Taylor Swift All Songs (2024)
3
5X2 Blitz: The Beatles
4
5X2 Blitz: Billboard
5
Taylor Swift Logic Puzzle
6
Taylor Swift Logic Puzzle II
7
5X2 Blitz: Album
8
5X2 Blitz: Billboard II
9
Music Artist by Three 2010s hits
10
5X2 Blitz: Rock
Explore More
Trending Topics
Disney
Marvel
Anime
Crossword
NBA
Harry Potter
Kpop
Pokémon
Puzzle
Song
Soccer
The Office
NFL
WWE
Country
hide this ad
More By:
asdfjkl
Quiz
Plays
Rating
Category
Featured
Created
Percy Jackson & the Olympians: Last Name
10,947
4.40
Literature
Feb 23, 2010
Disney Roller Coasters
2,939
3.91
Miscellaneous
Aug 2, 2010
Every Toy Story Character
1,980
3.86
Movies
Jun 29, 2010
Pixar Primary Protagonists and Antagonists
983
4.33
Movies
Jun 26, 2010
Us countries
830
3.61
Geography
Feb 25, 2010
Go to Creator's Profile
Score Distribution
Quiz Creator Spotlight
asdfjkl
Follow
Send a Message
Quizzes Created
-
Created Quiz Play Count
-
More By This Creator
Popular Quizzes Today
1
Find the 'City' Movie
2
5x2 Blitz: Bands
3
Colored Red Africa Blitz
4
Find the US States - No Outlines Minefield
5
The Countries of the World
6
Find the US States
7
9x9 Crossword: Cartoon Network
8
US States
More Music Quizzes
Song Title Lyrics
Published
Trending Quizzes
Colored Red Africa Blitz II
Colored Red Europe Blitz I
Colored Red Africa Blitz III
Colored Red Europe Blitz II
Colored Red Europe Blitz III
Recently Updated
Champions League XIs: Real Madrid
pecheneg
Largest US Cities 1790-2010
pecheneg
Rides in Walt Disney World
pecheneg
Most Oscar Losses (Acting)
pecheneg
Beyoncé Albums
pecheneg
Leaping Animals
pecheneg
Reality TV Shows (A-Z)
bhenderson79
Rickey Henderson's Hall of Fame Teammates
pecheneg
Champions League XIs: Arsenal
pecheneg
Quick Pick: Celebrities in WWE's Hall of Fame
aduchscher
Trending Topics
Anime
Disney
Crossword
Kpop
NBA
Marvel
Harry Potter
Pokémon
Puzzle
Country
NFL
Soccer
Song
WWE
The Office
Your Account Isn't Verified!
In order to create a playlist on Sporcle, you need to verify the email address you used during registration. Go to your
Sporcle Settings
to finish the process.
Report this User
Report this user for behavior that violates our
Community Guidelines
.
Details:
Send Report
Go to the Sporcle.com Mobile Site →
Comments